[Event "CCM6 - Standard Simultan"]
[Site "Mainz"]
[Date "2006.08.15"]
[Round "?"]
[White "Anand, Viswanathan"]
[Black "Backhaus, Peter"]
[Result "0-1"]
[WhiteElo "2779"]
[BlackElo "1890"]
[Annotator "Chess Tigers"]
[PlyCount "62"]
[EventDate "2006.08.15"]
[EventType "simul"]
[EventCountry "GER"]

1. Nf3 d6 2. d4 g6 3. e4 Nf6 4. Nc3 Bg7 5. Be2 O-O 6. O-O Nc6 7. d5 Nb8 8. Re1
e5 9. Bf1 h6 10. a4 Nbd7 11. a5 Ne8 12. a6 b6 13. Bb5 Nb8 14. Nd2 f5 15. Ra3
Nf6 16. exf5 gxf5 17. f4 e4 18. Nf1 Kh7 19. Ne3 h5 20. Ne2 Ng4 21. Nxg4 hxg4
22. h3 Qh4 23. hxg4 fxg4 24. Ng3 Bxa6 25. Bxa6 Nxa6 26. Nxe4 (26. Kf2 $1 $18)
26... Nc5 27. g3 Qh5 28. Ng5+ Kg6 29. b4 $4 (29. Re2 $142 $18) 29... Rh8 $1 30.
f5+ $4 (30. bxc5 $8 Qh2+ 31. Kf1 Qh1+ 32. Kf2 Qh2+ $11) 30... Kxf5 31. Rf1+ Kg6
0-1

[Event "CCM6 - Standard Simultan"]
[Site "Mainz"]
[Date "2006.08.15"]
[Round "?"]
[White "Anand, Viswanathan"]
[Black "Noll, Hanno"]
[Result "1-0"]
[WhiteElo "2779"]
[BlackElo "1666"]
[Annotator "Chess Tigers"]
[PlyCount "73"]
[EventDate "2006.08.15"]
[EventType "simul"]
[EventCountry "GER"]

1. e4 c5 2. Nf3 Nc6 3. d4 cxd4 4. Nxd4 d6 5. c4 Nf6 6. Nc3 a6 7. Be2 e5 8. Nc2
Be7 9. Be3 Be6 10. Qd2 O-O 11. O-O Ng4 12. Bxg4 Bxg4 13. f3 Be6 14. b3 f5 15.
exf5 Rxf5 16. Rfd1 Qa5 17. Ne4 Rd8 $4 18. Qxa5 Nxa5 19. Bb6 Nc6 20. Bxd8 Bxd8
21. Nxd6 Bb6+ 22. Kh1 Rf8 23. Ne4 Nd4 24. Nxd4 Bxd4 25. Rac1 h6 26. Rc2 g5 27.
h3 Kg7 28. Re2 b6 29. Nf2 Bf5 30. Nd3 Bxd3 31. Rxd3 Rc8 32. g3 Rc5 33. f4 gxf4
34. gxf4 Kf6 35. Kg2 Rc6 36. fxe5+ Bxe5 37. Rf3+ 1-0

[Event "CCM6 - Standard Simultan"]
[Site "Mainz"]
[Date "2006.08.15"]
[Round "?"]
[White "Anand, Viswanathan"]
[Black "Pfeiffer, Wolfgang"]
[Result "1-0"]
[WhiteElo "2779"]
[BlackElo "1814"]
[Annotator "Chess Tigers"]
[PlyCount "73"]
[EventDate "2006.08.15"]
[EventType "simul"]
[EventCountry "GER"]

1. d4 d6 2. Nf3 g6 3. e4 Bg7 4. Bd3 e6 5. O-O Ne7 6. c4 O-O 7. Nc3 Nd7 8. Re1
a6 9. Be3 h6 10. Qd2 Kh7 11. b4 b6 12. a4 c5 13. bxc5 bxc5 14. d5 e5 15. a5 f5
16. Qc2 f4 17. Bd2 g5 18. Reb1 Ng6 19. Na4 g4 20. Ne1 Qh4 21. Bc3 g3 22. Nf3
gxh2+ 23. Kh1 Qf6 24. Nb6 Nxb6 25. Rxb6 Rg8 26. Rab1 Bg4 27. Nxh2 h5 28. Be2 f3
29. Bxf3 Bxf3 30. Nxf3 Bh6 31. Rb7+ Rg7 32. Rxg7+ Qxg7 33. Qd1 h4 34. Rb6 Rg8
35. Rxd6 Nf4 36. Nxh4 Nxg2 37. Nf5 1-0

[Event "CCM6 - Standard Simultan"]
[Site "Mainz"]
[Date "2006.08.15"]
[Round "?"]
[White "Anand, Viswanathan"]
[Black "Faqiry, Ramatullah"]
[Result "1-0"]
[WhiteElo "2779"]
[BlackElo "1700"]
[Annotator "Chess Tigers"]
[PlyCount "35"]
[EventDate "2006.08.15"]
[EventType "simul"]
[EventCountry "GER"]

1. e4 c5 2. Nf3 d6 3. d4 cxd4 4. Nxd4 Nf6 5. Nc3 a6 6. Be2 e5 7. Nb3 Be7 8. O-O
O-O 9. Kh1 Be6 10. f4 exf4 11. Bxf4 Nc6 12. Nd4 Nxd4 13. Qxd4 Rc8 14. Rad1 Rc6
15. Bf3 Qb6 16. Be3 Qc7 17. Qd2 Rd8 18. Qf2 {
Rest der Partie nicht nachvollziehbar} 1-0

[Event "CCM6 - Standard Simultan"]
[Site "Mainz"]
[Date "2006.08.15"]
[Round "?"]
[White "Anand, Viswanathan"]
[Black "Busch, Annette"]
[Result "1/2-1/2"]
[WhiteElo "2779"]
[BlackElo "1589"]
[Annotator "Chess Tigers"]
[PlyCount "68"]
[EventDate "2006.08.15"]
[EventType "simul"]
[EventCountry "GER"]

1. e4 c5 2. Nf3 e6 3. d4 cxd4 4. Nxd4 Nf6 5. Nc3 d6 6. Be3 Nc6 7. Qd2 a6 8.
O-O-O Bd7 9. f3 h5 10. Kb1 b5 11. Nxc6 Bxc6 12. Ne2 Be7 13. Nd4 Rc8 14. Nxc6
Rxc6 15. Bd3 O-O 16. h3 h4 17. f4 d5 18. e5 Ne4 19. Bxe4 dxe4 20. Qe2 Qc7 21.
Bd4 Rc8 22. Rd2 Bb4 23. c3 Be7 24. Qxe4 b4 25. Rc2 bxc3 26. Rxc3 Rxc3 27. Bxc3
Qc4 28. Qxc4 Rxc4 29. Rf1 Re4 30. Rf3 Re2 31. g4 hxg3 32. Rxg3 Rf2 33. Rg4 Rh2
34. Rg3 Rf2 1/2-1/2

[Event "CCM6 - Standard Simultan"]
[Site "Mainz"]
[Date "2006.08.15"]
[Round "?"]
[White "Anand, Viswanathan"]
[Black "Baumgartl, Günther"]
[Result "1-0"]
[WhiteElo "2779"]
[BlackElo "2045"]
[Annotator "Chess Tigers"]
[PlyCount "61"]
[EventDate "2006.08.15"]
[EventType "simul"]
[EventCountry "GER"]

1. c4 e6 2. Nf3 d5 3. d4 Nf6 4. Nc3 Be7 5. Bf4 c6 6. e3 Nbd7 7. Qc2 Nh5 8. Bg3
Nxg3 9. hxg3 g6 10. O-O-O f5 11. cxd5 exd5 12. Bd3 Kf7 13. Kb1 Bf6 14. Nd2 b5
15. g4 fxg4 16. Rxh7+ Rxh7 17. Bxg6+ Kg7 18. Bxh7 Nf8 19. Bf5 Bg5 20. Ne2 Qf6
21. Ng3 Bxf5 22. Nxf5+ Kf7 23. f4 gxf3 24. Nxf3 Ne6 25. g4 Nd8 26. e4 dxe4 27.
Qxe4 Kf8 28. Ne5 Qe6 29. Rf1 a5 30. d5 cxd5 31. Nd4+ 1-0

[Event "CCM6 - Standard Simultan"]
[Site "Mainz"]
[Date "2006.08.15"]
[Round "?"]
[White "Anand, Viswanathan"]
[Black "Jurkic, Bosilijko"]
[Result "1-0"]
[WhiteElo "2779"]
[BlackElo "2088"]
[Annotator "Chess Tigers"]
[PlyCount "55"]
[EventDate "2006.08.15"]
[EventType "simul"]
[EventCountry "GER"]

1. e4 c5 2. Nf3 e6 3. d4 cxd4 4. Nxd4 a6 5. Bd3 Bc5 6. Nb3 Be7 7. Be3 d6 8. f4
Nd7 9. Qf3 Ngf6 10. N1d2 e5 11. f5 b6 12. g4 Nc5 13. Nxc5 bxc5 14. g5 Nd7 15.
h4 Nb6 16. O-O-O Bd7 17. Nc4 Rb8 18. b3 Nxc4 19. Bxc4 Qa5 20. f6 $18 gxf6 21.
gxf6 Bf8 22. Qh5 Qc3 23. Rhe1 d5 24. Bxd5 c4 25. Kb1 Ba3 26. Bc1 cxb3 27. Qxf7+
Kd8 28. Bxb3 1-0

[Event "CCM6 - Standard Simultan"]
[Site "Mainz"]
[Date "2006.08.15"]
[Round "?"]
[White "Anand, Viswanathan"]
[Black "Rudolf, Franz"]
[Result "1/2-1/2"]
[WhiteElo "2779"]
[BlackElo "1700"]
[Annotator "Chess Tigers"]
[PlyCount "70"]
[EventDate "2006.08.15"]
[EventType "simul"]
[EventCountry "GER"]

1. e4 c5 2. Nf3 d6 3. d4 cxd4 4. Nxd4 Nf6 5. Nc3 a6 6. Bc4 e6 7. Bb3 Be7 8. g4
e5 $2 9. Nf5 $16 Bxf5 10. exf5 h6 11. Rg1 g5 $4 12. fxg6 fxg6 13. Qd3 $18 g5
14. Qg6+ Kd7 15. Be3 Kc7 16. O-O-O Nbd7 17. Rg3 $2 Rc8 18. Kb1 Kb8 19. h3 $6
Qc7 20. Bc1 $6 Nc5 $13 21. Nd5 Nxd5 22. Bxd5 Rhf8 23. Rc3 Rf6 24. Qg7 Bd8 25.
Qxc7+ Rxc7 26. Be3 Ne6 27. Rxc7 Kxc7 28. c4 Nf4 29. Rh1 Nxd5 30. cxd5 Rf3 31.
Kc2 e4 32. Kd2 Kd7 33. Ke2 Bf6 34. b3 b5 35. a4 b4 1/2-1/2

[Event "CCM6 - Standard Simultan"]
[Site "Mainz"]
[Date "2006.08.15"]
[Round "?"]
[White "Anand, Viswanathan"]
[Black "Zweschper, Eric"]
[Result "1/2-1/2"]
[WhiteElo "2779"]
[BlackElo "2191"]
[Annotator "Chess Tigers"]
[PlyCount "103"]
[EventDate "2006.08.15"]
[EventType "simul"]
[EventCountry "GER"]

1. d4 Nf6 2. Nf3 g6 3. c4 Bg7 4. Nc3 d6 5. e4 O-O 6. Be2 Nbd7 7. O-O e5 8. Be3
Ng4 9. Bg5 f6 10. Bh4 Nh6 11. dxe5 dxe5 12. Nd2 a5 13. Na4 Qe7 14. Nb3 Rd8 15.
Qc2 Qb4 16. Nc1 Nc5 17. Nxc5 Qxc5 18. Nd3 $2 Qd4 19. Rad1 Qxe4 $17 20. Bg3 Be6
21. b3 Qc6 22. f3 Nf5 23. Bf2 Nd4 24. Bxd4 Rxd4 25. Nf2 Rad8 26. Rxd4 Rxd4 27.
Rd1 Qc5 28. Rxd4 Qxd4 29. Qd1 Bf8 30. Qxd4 exd4 31. Bd3 Kf7 32. Kf1 f5 33. a4
Kf6 34. Ke2 h5 35. Bc2 Bd6 36. h3 Kg5 37. Nd3 c5 38. Kf2 b6 39. Bd1 h4 40. Bc2
Kf6 41. Bd1 g5 42. Be2 Bg3+ 43. Kf1 Bf7 44. Bd1 Bg6 45. Ke2 g4 46. Kd2 Kg5 $2 (
46... gxh3 47. gxh3 Kg5 $19) 47. fxg4 fxg4 48. Bxg4 Be4 49. Bf3 Kf5 $6 50. Bg4+
Kf6 51. Bf3 Bf5 52. Bd5 1/2-1/2

[Event "CCM6 - Standard Simultan"]
[Site "Mainz"]
[Date "2006.08.15"]
[Round "?"]
[White "Anand, Viswanathan"]
[Black "Wigger, Reiner"]
[Result "1-0"]
[WhiteElo "2779"]
[BlackElo "1945"]
[Annotator "Chess Tigers"]
[PlyCount "55"]
[EventDate "2006.08.15"]
[EventType "simul"]
[EventCountry "GER"]

1. d4 Nf6 2. Nf3 e6 3. c4 Bb4+ 4. Bd2 Qe7 5. g3 Nc6 6. Nc3 O-O 7. d5 Nb8 8. Bg2
d6 9. O-O e5 10. a3 Bxc3 11. Bxc3 Ne4 12. Be1 a5 13. Qc2 f5 14. Nh4 Nc5 15.
Bxa5 Rxa5 16. b4 Ra6 17. bxc5 dxc5 18. e4 f4 19. a4 b6 20. a5 Bd7 21. axb6 Rxb6
22. Rfb1 Qf6 23. Rxb6 Qxb6 24. Nf3 fxg3 25. hxg3 Qf6 26. Qb2 Re8 27. Ra8 Na6
28. Rxe8+ 1-0

[Event "CCM6 - Standard Simultan"]
[Site "Mainz"]
[Date "2006.08.15"]
[Round "?"]
[White "Anand, Viswanathan"]
[Black "Weick, Bjoern"]
[Result "1-0"]
[WhiteElo "2779"]
[BlackElo "2143"]
[Annotator "Chess Tigers"]
[PlyCount "58"]
[EventDate "2006.08.15"]
[EventType "simul"]
[EventCountry "GER"]

1. Nf3 f5 2. g3 Nf6 3. Bg2 g6 4. O-O d6 5. d4 Bg7 6. c4 O-O 7. Nc3 Qe8 8. Re1
Qf7 9. d5 Ne4 10. Nd4 c5 11. Ndb5 Nxc3 12. Nxc3 Na6 13. Bd2 h6 14. a3 Bd7 15.
Rb1 Rfc8 16. e4 g5 17. f4 gxf4 18. Bxf4 fxe4 19. Nxe4 b5 20. cxb5 Bxb5 21. Bxd6
exd6 22. Nxd6 Qd7 23. Nxb5 Qxb5 24. d6 Rab8 25. Re7 c4 26. Rxg7+ Kxg7 27. Qd4+
Kh7 28. Be4+ Kg8 29. Bd5+ {Schwarz gab auf. Shredder meldet nach} Kh7 {
ein Matt in 150 an...} 1-0

[Event "CCM6 - Standard Simultan"]
[Site "Mainz"]
[Date "2006.08.15"]
[Round "?"]
[White "Anand, Viswanathan"]
[Black "Ruisinger, Werner"]
[Result "1-0"]
[WhiteElo "2779"]
[BlackElo "2175"]
[Annotator "Chess Tigers"]
[PlyCount "55"]
[EventDate "2006.08.15"]
[EventType "simul"]
[EventCountry "GER"]

1. e4 c5 2. Nf3 Nc6 3. Bb5 g6 4. O-O Bg7 5. c3 Nf6 6. Re1 O-O 7. d4 cxd4 8.
cxd4 d5 9. e5 Ne4 10. Nc3 Nxc3 11. bxc3 Bg4 12. h3 Bxf3 13. Qxf3 Rc8 14. a4 Na5
15. Rb1 a6 16. Bf1 Qd7 17. Ba3 Nc4 18. Bc1 Rc6 19. h4 h5 20. Qg3 Kh7 21. Bd3 e6
22. Qf3 Kg8 23. g4 hxg4 24. Qxg4 f5 25. exf6 Rxf6 26. Bxg6 Kf8 27. h5 Rxg6 28.
hxg6 1-0

[Event "CCM6 - Standard Simultan"]
[Site "Mainz"]
[Date "2006.08.15"]
[Round "?"]
[White "Anand, Viswanathan"]
[Black "Schulz, Gert"]
[Result "1-0"]
[WhiteElo "2779"]
[BlackElo "2117"]
[Annotator "Chess Tigers"]
[PlyCount "53"]
[EventDate "2006.08.15"]
[EventType "simul"]
[EventCountry "GER"]

1. e4 d5 2. exd5 Qxd5 3. Nc3 Qa5 4. d4 Nf6 5. Nf3 Bf5 6. Bc4 e6 7. Bd2 c6 8.
Nd5 Qd8 9. Nxf6+ gxf6 10. Bb3 Qc7 11. Nh4 Bg6 12. Qf3 Nd7 13. O-O-O O-O-O 14.
g3 Be7 15. Kb1 c5 16. Nxg6 hxg6 17. c3 c4 18. Bc2 Rh3 19. d5 e5 20. Be3 Kb8 21.
Qg2 Rdh8 $4 22. d6 $18 Bxd6 23. Qd5 Rxh2 24. Rxh2 Rxh2 25. Qxd6 Qxd6 26. Rxd6
Kc7 27. Rd1 1-0

[Event "CCM6 - Standard Simultan"]
[Site "Mainz"]
[Date "2006.08.15"]
[Round "?"]
[White "Anand, Viswanathan"]
[Black "Hettler, Wolfgang"]
[Result "1-0"]
[WhiteElo "2779"]
[BlackElo "2063"]
[Annotator "Chess Tigers"]
[PlyCount "43"]
[EventDate "2006.08.15"]
[EventType "simul"]
[EventCountry "GER"]

1. e4 d5 2. exd5 Qxd5 3. Nc3 Qd6 4. d4 a6 5. Nf3 Nf6 6. Be3 e6 7. Qd2 Be7 8.
O-O-O O-O 9. Bf4 Qd8 10. Ne5 b5 11. Bd3 Bb7 12. Qe2 Qc8 13. Bg5 Nbd7 14. f4 Re8
15. h4 Nf8 16. Rh3 b4 17. Bxf6 Bxf6 18. Ne4 Be7 19. Ng5 f6 $4 20. Qh5 $18 f5
21. Qf7+ Kh8 22. h5 $5 (22. Rg3 $1) 1-0

[Event "CCM6 - Standard Simultan"]
[Site "Mainz"]
[Date "2006.08.15"]
[Round "?"]
[White "Anand, Viswanathan"]
[Black "Moroder, Mainhard"]
[Result "1-0"]
[WhiteElo "2779"]
[BlackElo "1449"]
[Annotator "Chess Tigers"]
[PlyCount "67"]
[EventDate "2006.08.15"]
[EventType "simul"]
[EventCountry "GER"]

1. e4 e5 2. Nf3 Nc6 3. Bb5 d6 4. O-O Bd7 5. Re1 Be7 6. c3 a6 7. Bxc6 Bxc6 8. d4
Bf6 9. c4 b5 10. cxb5 Bxb5 11. Nc3 Ne7 12. dxe5 dxe5 13. Be3 Qxd1 14. Rexd1 O-O
15. Rac1 Rfd8 16. Rxd8+ Rxd8 17. Nxb5 axb5 18. g4 Ng6 19. Rxc7 h6 20. Kg2 Nf4+
21. Bxf4 exf4 22. e5 Re8 23. exf6 gxf6 24. Rb7 Ra8 25. a3 Ra5 26. h4 Kg7 27. h5
f5 28. gxf5 b4 29. Rxb4 Rxf5 30. a4 Kf6 31. Rb5 Rxb5 32. axb5 Ke6 33. Nd4+ Kd7
34. Nf5 1-0

[Event "CCM6 - Standard Simultan"]
[Site "Mainz"]
[Date "2006.08.15"]
[Round "?"]
[White "Anand, Viswanathan"]
[Black "Knorrp, Rainer"]
[Result "1-0"]
[WhiteElo "2779"]
[BlackElo "2105"]
[Annotator "Chess Tigers"]
[PlyCount "43"]
[EventDate "2006.08.15"]
[EventType "simul"]
[EventCountry "GER"]

1. e4 d6 2. d4 Nf6 3. Nc3 g6 4. f4 Bg7 5. Nf3 O-O 6. Bd3 Na6 7. e5 dxe5 8. fxe5
Nd5 9. Nxd5 Qxd5 10. c4 Qd8 11. O-O f6 12. exf6 exf6 13. h3 c6 14. Bf4 Qa5 15.
a3 Qh5 16. Qb3 Bf5 17. c5+ Kh8 18. Bxf5 Qxf5 19. Bd6 Qd7 20. Bxf8 Rxf8 21. Rfe1
f5 22. Rad1 1-0

[Event "CCM6 - Standard Simultan"]
[Site "Mainz"]
[Date "2006.08.15"]
[Round "?"]
[White "Anand, Viswanathan"]
[Black "Braunberger, Gerald"]
[Result "1-0"]
[WhiteElo "2779"]
[BlackElo "1883"]
[Annotator "Chess Tigers"]
[PlyCount "43"]
[EventDate "2006.08.15"]
[EventType "simul"]
[EventCountry "GER"]

1. e4 Nf6 2. e5 Nd5 3. d4 d6 4. Nf3 Bg4 5. Be2 c6 6. Ng5 Bxe2 7. Qxe2 dxe5 8.
dxe5 e6 9. O-O Qc7 10. c4 Nb6 11. Nc3 N8d7 12. Re1 Be7 13. b3 a5 14. Bf4 Nc5
15. Nce4 Nxe4 16. Nxe4 O-O 17. Qg4 Kh8 18. Re3 Nd7 19. Rh3 g6 20. Nf6 Bxf6 21.
exf6 e5 22. Bg5 1-0

[Event "CCM6 - Standard Simultan"]
[Site "Mainz"]
[Date "2006.08.15"]
[Round "?"]
[White "Anand, Viswanathan"]
[Black "Grill, Bernd"]
[Result "1-0"]
[WhiteElo "2779"]
[BlackElo "2172"]
[Annotator "Chess Tigers"]
[PlyCount "41"]
[EventDate "2006.08.15"]
[EventType "simul"]
[EventCountry "GER"]

1. Nf3 Nf6 2. c4 c5 3. Nc3 d5 4. cxd5 Nxd5 5. e4 Nb4 6. d3 g6 7. Be3 b6 8. d4
Bg4 9. d5 a5 10. a3 N4a6 11. h3 Bxf3 12. Qxf3 Nd7 13. e5 Nxe5 14. Bb5+ Nd7 15.
d6 exd6 16. O-O-O (16. Qe4+ Be7 17. Nd5 $18) 16... Be7 17. Bh6 Nc7 18. Rhe1 Ra7
19. Rxd6 Ne6 20. Rdxe6 fxe6 21. Rxe6 1-0

[Event "CCM6 - Standard Simultan"]
[Site "Mainz"]
[Date "2006.08.15"]
[Round "?"]
[White "Anand, Viswanathan"]
[Black "Kropp, Volker"]
[Result "1/2-1/2"]
[WhiteElo "2779"]
[BlackElo "2123"]
[Annotator "Chess Tigers"]
[PlyCount "36"]
[EventDate "2006.08.15"]
[EventType "simul"]
[EventCountry "GER"]

1. e4 c5 2. Nf3 d6 3. d4 cxd4 4. Nxd4 Nf6 5. Nc3 a6 6. Bc4 e5 7. Nf5 Bxf5 8.
exf5 Qc7 9. Bb3 Be7 10. g4 h6 11. Rg1 Nc6 12. Be3 Na5 13. Nd5 Nxd5 14. Qxd5
Nxb3 15. Qxb3 Rc8 16. O-O-O Qc4 17. Rd3 b5 18. Kb1 Qxb3 1/2-1/2

[Event "CCM6 - Standard Simultan"]
[Site "Mainz"]
[Date "2006.08.15"]
[Round "?"]
[White "Anand, Viswanathan"]
[Black "Paap, Michael"]
[Result "1-0"]
[WhiteElo "2779"]
[BlackElo "1882"]
[Annotator "Chess Tigers"]
[PlyCount "29"]
[EventDate "2006.08.15"]
[EventType "simul"]
[EventCountry "GER"]

1. c4 Nf6 2. d4 e6 3. Nf3 d5 4. Nc3 c5 5. cxd5 exd5 6. g3 cxd4 7. Nxd4 Bb4 8.
Bg2 Bxc3+ 9. bxc3 O-O 10. O-O Ne4 11. c4 Be6 12. Nxe6 fxe6 13. cxd5 Qxd5 14.
Qc2 Qd4 15. Bxe4 1-0

[Event "CCM6 - Standard Simultan"]
[Site "Mainz"]
[Date "2006.08.15"]
[Round "?"]
[White "Anand, Viswanathan"]
[Black "Niekrens, Stefan"]
[Result "1-0"]
[WhiteElo "2779"]
[BlackElo "1893"]
[Annotator "Chess Tigers"]
[PlyCount "101"]
[EventDate "2006.08.15"]
[EventType "simul"]
[EventCountry "GER"]

1. e4 e5 2. Nf3 Nf6 3. Nc3 Nc6 4. Bb5 Nd4 5. Bc4 d6 6. Nxd4 exd4 7. Nd5 Be7 8.
Nxe7 Qxe7 9. O-O O-O 10. d3 Be6 11. Bb3 Bxb3 12. axb3 Qe5 13. f4 Qh5 14. Qxh5
Nxh5 15. b4 Nf6 16. b5 a6 17. bxa6 Rxa6 18. Rxa6 bxa6 19. Bd2 Rb8 20. b3 Rb6
21. Ra1 c5 22. Kf2 Nd7 23. Ra4 f6 24. Kf3 Kf7 25. g4 Nb8 26. Ba5 Rc6 27. h4 Nd7
28. g5 Nf8 29. Bd2 Nd7 30. Ra1 Nb8 31. gxf6 gxf6 32. h5 Rc8 33. h6 Rf8 34. f5
Rg8 35. Bf4 Ke7 36. Ra4 Rc8 37. Bh2 Kd7 38. b4 c4 39. Ra5 cxd3 40. cxd3 Rc3 41.
Rd5 Rxd3+ 42. Kg4 Ke8 43. Rxd6 Nd7 44. Re6+ Kf7 45. Bd6 Ne5+ 46. Bxe5 fxe5 47.
Rxe5 Rb3 48. Rd5 Rxb4 49. Rd7+ Kf6 50. Kf4 a5 51. e5# 1-0

[Event "CCM6 - Standard Simultan"]
[Site "Mainz"]
[Date "2006.08.15"]
[Round "?"]
[White "Anand, Viswanathan"]
[Black "Deutsch, Thomas"]
[Result "1-0"]
[WhiteElo "2779"]
[BlackElo "1852"]
[Annotator "Chess Tigers"]
[PlyCount "85"]
[EventDate "2006.08.15"]
[EventType "simul"]
[EventCountry "GER"]

1. d4 Nf6 2. Nf3 g6 3. c4 Bg7 4. Nc3 O-O 5. e4 d6 6. Be2 e5 7. O-O Nc6 8. d5
Ne7 9. b4 Nd7 10. Nd2 f5 11. c5 Nf6 12. f3 Rf7 13. a4 Bf8 14. Nc4 f4 15. b5 g5
16. b6 axb6 17. cxd6 cxd6 18. Rb1 Ng6 19. Nxb6 Rb8 20. a5 h5 21. Nb5 g4 22. Qe1
gxf3 23. Bxf3 Bg4 24. Kh1 Nd7 25. Nc4 Nf6 26. Ba3 Ne8 27. Qe2 Bxf3 28. gxf3 Rg7
29. Rg1 Qd7 30. Nbxd6 Nxd6 31. Bxd6 Bxd6 32. Nxd6 Qxd6 33. Rb6 Qa3 34. Rbxg6
Rxg6 35. Rxg6+ Kh7 36. Rg5 Kh6 37. Rg1 Qe7 38. Qg2 Qf6 39. Rb1 b5 40. Rc1 Rd8
41. Qb2 Qg5 42. Qxb5 Rg8 43. Qb6+ 1-0

[Event "CCM6 - Standard Simultan"]
[Site "Mainz"]
[Date "2006.08.15"]
[Round "?"]
[White "Anand, Viswanathan"]
[Black "Beutel, Jens"]
[Result "1-0"]
[WhiteElo "2779"]
[BlackElo "2047"]
[Annotator "Chess Tigers"]
[PlyCount "40"]
[EventDate "2006.08.15"]
[EventType "simul"]
[EventCountry "GER"]

1. d4 Nf6 2. Nf3 g6 3. Nc3 d5 4. Bf4 c6 5. e3 Bg7 6. h3 Nbd7 7. Be2 O-O 8. O-O
Re8 9. Bh2 Nb6 10. b4 Nfd7 11. b5 e5 12. a4 exd4 13. exd4 Nf8 14. a5 Nc4 15.
bxc6 bxc6 16. Bxc4 dxc4 17. Ne5 $2 c5 $1 18. Qf3 Be6 $2 19. d5 Bf5 20. Rfe1 Qf6
{Rest der Partie nicht nachvollziehbar} 1-0

[Event "CCM6 - Standard Simultan"]
[Site "Mainz"]
[Date "2006.08.15"]
[Round "?"]
[White "Anand, Viswanathan"]
[Black "Maatz, Andreas"]
[Result "1-0"]
[WhiteElo "2779"]
[BlackElo "1920"]
[Annotator "Chess Tigers"]
[PlyCount "89"]
[EventDate "2006.08.15"]
[EventType "simul"]
[EventCountry "GER"]

1. e4 e5 2. Nf3 Nc6 3. Bb5 d6 4. O-O Nf6 5. d4 exd4 6. Nxd4 Bd7 7. Re1 Nxd4 8.
Bxd7+ Qxd7 9. Qxd4 Be7 10. c4 a6 11. Nc3 O-O 12. b3 Ng4 13. Bb2 Bf6 14. Qd2
Rae8 15. h3 Nh6 16. f4 Qc6 17. g4 Bh4 18. g5 Nf5 19. exf5 Qc5+ 20. Kg2 Bxe1 21.
Rxe1 Qxf5 22. Rf1 f6 23. gxf6 Rxf6 24. Qd5+ Ree6 25. Qxf5 Rxf5 26. Rf2 c6 27.
Ne2 Rg6+ 28. Kh2 d5 29. Ng3 Rf7 30. cxd5 cxd5 31. Be5 Rc6 32. Rd2 Rd7 33. Nf5
Rc8 34. Kg3 Rcd8 35. h4 h5 36. Kf3 g6 37. Nd4 Kf7 38. Rc2 Re8 39. Ke3 Red8 40.
Nf3 Ke6 41. Rg2 Rg8 42. Rg5 Kf7 43. Kd3 Ke8 44. Bd4 Rd6 45. f5 1-0

[Event "CCM6 - Standard Simultan"]
[Site "Mainz"]
[Date "2006.08.15"]
[Round "?"]
[White "Anand, Viswanathan"]
[Black "Resa, H.-Farid"]
[Result "1-0"]
[WhiteElo "2779"]
[BlackElo "1604"]
[Annotator "Chess Tigers"]
[PlyCount "60"]
[EventDate "2006.08.15"]
[EventType "simul"]
[EventCountry "GER"]

1. d4 Nf6 2. c4 g6 3. Nc3 d5 4. Bf4 c6 5. e3 Bg7 6. Nf3 Nbd7 7. cxd5 Nxd5 8.
Nxd5 cxd5 9. Bd3 O-O 10. O-O Re8 11. Rc1 e5 12. dxe5 Nxe5 13. Nxe5 Bxe5 14.
Bxe5 Rxe5 15. Be2 $16 Qe7 16. Qd4 b6 17. Bf3 Ba6 18. Rfd1 Rd8 19. Rc3 h5 20.
Ra3 Bc4 21. b3 Re6 22. Ra4 Bb5 23. Rb4 Bc6 24. Qd2 Rc8 25. Rd4 Rf6 26. Bxd5
Bxd5 27. Rxd5 Qe4 28. Rd4 Qe5 29. h4 Kg7 30. g3 Re6 {
Rest der Partie nicht nachvollziehbar} 1-0